[Event "Tourn. n9484"]
[Site "www.chess-mail.com"]
[Date "2017.09.20"]
[Round "1"]
[White "Cal"]
[Black "Jjmcbride"]
[WhiteElo "1640"]
[BlackElo "1680"]
[Result "1-0"]
[Round "1"]
1.Ng1f3 d5
2.d4 e6
3.a3 a6
4.e3 c5
5.dxc5 Bf8xc5
6.Nb1c3 Ng8f6
7.h3 O-O
8.Bf1d3 d4
9.exd4 Bc5xd4
10.Nc3e2 Bd4c5
11.b4 Bc5a7
12.O-O Nb8c6
13.Bc1g5 Kh8
14.c3 h6
15.Bg5h4 g5
16.Bh4g3 g4
17.Nf3h4 Rf8g8
18.Ne2f4 Nc6e5
19.Qd1c2 Ne5xd3
20.Ra1d1 gxh3
21.Nf4xh3 Rg8xg3
22.Kh2 Rg3xh3
{ time. }
1-0

[Event "Tourn. n9479"]
[Site "www.chess-mail.com"]
[Date "2017.09.20"]
[Round "1"]
[White "Jjmcbride"]
[Black "Dussek"]
[WhiteElo "1680"]
[BlackElo "1890"]
[Result "0-1"]
[Round "1"]
1.e4 e6
2.e5 d5
3.d4 c5
4.Bf1b5 Bc8d7
5.a4 a6
6.Bb5xd7 Nb8xd7
7.c3 Qd8b6
8.Ng1e2 Ng8e7
9.O-O Ne7f5
10.g4 Nf5h4
11.Ne2g3 cxd4
12.cxd4 Ra8c8
13.Bc1g5 Nh4g6
14.Nb1c3 Bf8b4
15.Ng3h5 O-O
16.Qd1d2 Bb4xc3
17.bxc3 Qb6b3
18.Bg5h6 Qb3xc3
19.Qd2g5 { time. }
0-1

[Event "Tourn. n9479"]
[Site "www.chess-mail.com"]
[Date "2017.09.20"]
[Round "1"]
[White "Vios"]
[Black "Jjmcbride"]
[WhiteElo "1729"]
[BlackElo "1680"]
[Result "1-0"]
[Round "1"]
1.e4 e5
2.f4 d5
3.exd5 exf4
4.Ng1f3 Bf8c5
5.d4 Bc5d6
6.c4 Ng8f6
7.Nb1c3 Qd8e7
8.Qd1e2 Qe7xe2
9.Bf1xe2 Nf6g4
10.O-O O-O
11.c5 Bd6e7
12.Bc1xf4 a6
13.h3 Ng4f6
14.Bf4xc7 Nb8d7
15.c6 bxc6
16.dxc6 Nd7b8
17.d5 Rf8d8
18.Bc7xd8 Be7xd8
19.Ra1d1 Bd8b6
20.Kh1 Bc8f5
{ time. }
1-0

[Event "Tourn. n9478"]
[Site "www.chess-mail.com"]
[Date "2017.09.20"]
[Round "1"]
[White "Lucaschess"]
[Black "Picifarkinca"]
[WhiteElo "2110"]
[BlackElo "2040"]
[Result "0-1"]
[Round "1"]
1.e4 e6
2.d4 d5
3.Nb1c3 dxe4
4.Nc3xe4 Nb8d7
5.Ng1f3 Ng8f6
6.Bc1g5 Bf8b4
7.c3 Bb4e7
 { time }
0-1

[Event "Tourn. n9473"]
[Site "www.chess-mail.com"]
[Date "2017.09.20"]
[Round "1"]
[White "Lucaschess"]
[Black "Mitja"]
[WhiteElo "2110"]
[BlackElo "2040"]
[Result "0-1"]
[Round "1"]
1.e4 d5
2.Nb1c3 dxe4
3.Nc3xe4 e6
4.Ng1f3 c6
5.g3 Ng8f6
6.Ne4xf6 Qd8xf6
7.d4 Bf8b4
8.c3 Bb4e7
9.Bf1g2 h6
10.O-O O-O
11.Bc1f4 Be7d8
12.Rf1e1 Nb8d7
13.c4 Nd7b6
14.Bf4e5 Qf6e7
15.b3 Nb6d7
 { time }
0-1

[Event "Tourn. n9462"]
[Site "www.chess-mail.com"]
[Date "2017.09.20"]
[Round "1"]
[White "Goofy"]
[Black "Xkafi"]
[WhiteElo "2290"]
[BlackElo "2050"]
[Result "1-0"]
[Round "1"]
1.e4 e5
2.Ng1f3 Nb8c6
3.Bf1c4 Bf8c5
4.b4 Bc5xb4
5.c3 Bb4c5
6.d4 exd4
7.O-O dxc3
8.Bc4xf7 Kxf7
9.Qd1d5 Ke8
10.Qd5xc5 h6
11.Qc5xc3 Qd8e7
12.Bc1a3 d6
13.e5 Bc8e6
14.Nb1d2 Ra8d8
15.Rf1e1 Qe7f7
16.exd6 cxd6
17.Re1xe6 Ng8e7
18.Ra1e1 Rd8d7
19.Nd2c4 Qf7f4
20.Qc3xg7 Rh8g8
21.Qg7xg8 { resign }
1-0

[Event "Match"]
[Site "www.echecsemail.com"]
[Date "2017.09.20"]
[Round "1"]
[White "Traub"]
[Black "Azocarfreund"]
[WhiteElo "1410"]
[BlackElo "1969"]
[Result "0-1"]
[Round "1"]
1.Ng1f3 Ng8f6
2.d4 d5
3.e3 Bc8g4
4.Bf1e2 Bg4xf3
5.Be2xf3 Nb8c6
6.c4 e5
7.dxe5 Nc6xe5
8.cxd5 Bf8b4
9.Nb1c3 O-O
10.O-O Bb4xc3
11.bxc3 Qd8d6
12.a4 a5
13.Bc1a3 c5
14.dxc6 Qd6xd1
15.Rf1xd1 bxc6
16.Ba3xf8 Ra8xf8
17.Rd1d6 c5
18.Rd6a6 Ne5c4
19.Ra1d1 Nc4e5
20.Bf3c6 Nf6e4
21.Bc6xe4 Ne5c4
22.Be4d5 Nc4e5
23.Ra6xa5 c4
24.Rd1d4 Rf8b8
25.Ra5b5 Rb8e8
26.Rb5b7 Kf8
27.Bd5xc4 { time. }
0-1

[Event "Match"]
[Site "www.echecsemail.com"]
[Date "2017.09.20"]
[Round "1"]
[White "Azulmarino"]
[Black "Yakke"]
[WhiteElo "1560"]
[BlackElo "1840"]
[Result "1-0"]
[Round "1"]
1.e4 e5
2.Ng1f3 d6
3.Bf1c4 Qd8f6
4.d3 Qf6g6
5.g3 Bf8e7
6.Nb1c3 Qg6h5
7.Bc1e3 Bc8g4
8.d4 Bg4xf3
9.Nc3e2 Bf3xh1
10.c3 Bh1xe4
11.Ne2f4 Qh5xh2
12.f3 Qh2xg3
13.Be3f2 Qg3xf4
14.Bc4e2 Be7h4
15.Be2c4 Bh4xf2
16.Kxf2 Qf4h2
17.Ke1 Qh2h1
{ time. }
1-0

[Event "Match"]
[Site "www.echecsemail.com"]
[Date "2017.09.20"]
[Round "1"]
[White "Guidom"]
[Black "Cjood"]
[WhiteElo "2160"]
[BlackElo "1820"]
[Result "1-0"]
[Round "1"]
1.e4 g6
2.d4 b6
3.c3 Bf8g7
4.Ng1f3 Bc8b7
5.Bf1d3 e6
6.O-O d6
7.b3 h6
8.Bc1f4 f6
9.Nb1d2 g5
10.Bf4e3 h5
11.c4 h4
12.d5 f5
13.exf5 Bg7xa1
14.Qd1xa1 e5
15.Nf3xg5 Bb7c8
16.Ng5e6 Bc8xe6
17.fxe6 Nb8a6
18.Bd3g6 Kf8
19.Nd2e4 Ng8e7
20.Bg6f7 c6
21.f4 Ne7f5
22.fxe5 Nf5xe3
23.exd6 Rh8g8
24.e7 Qd8xe7
25.dxe7 Kxe7
26.Qa1f6 Kd7
27.Qf6xc6 Kd8
28.Qc6xa8 { resign }
1-0

[Event "Match"]
[Site "www.echecsemail.com"]
[Date "2017.09.20"]
[Round "1"]
[White "Whitekknight"]
[Black "Raulazo"]
[WhiteElo "1940"]
[BlackElo "1890"]
[Result "1-0"]
[Round "1"]
1.d4 e6
2.e4 d5
3.e5 Nb8c6
4.Ng1f3 Ng8e7
5.Bc1g5 g6
6.Bg5f6 Rh8g8
7.Bf1b5 Bc8d7
8.Nb1c3 Nc6a5
9.Bb5d3 Bf8g7
10.Bf6xg7 Rg8xg7
11.O-O Ne7c6
12.Qd1d2 g5
13.h3 Qd8e7
14.g4 O-O-O
15.a3 f6
16.exf6 Qe7xf6
17.Nf3h2 Nc6xd4
18.Qd2d1 e5
19.Nc3xd5 Qf6f7
20.Nd5e3 Nd4e6
21.Ne3g2 Bd7c6
22.f3 h5
23.b4 Ne6f4
24.Ng2xf4 Qf7xf4
25.Qd1e2 Qf4d4
26.Kg2 h4
27.Ra1d1 Qd4f4
28.Qe2f2 Na5c4
29.Bd3xc4 Bc6a4
30.Bc4e6 Ba4d7
31.Rf1e1 Bd7xe6
32.Rd1xd8 Kxd8
33.Re1d1 Rg7d7
34.Rd1xd7 Be6xd7
35.Nh2f1 b6
36.Qf2d2 Qf4xd2
37.Nf1xd2 Bd7a4
38.c3 Ba4c6
39.Kf2 Ke7
40.Nd2c4 b5
41.Nc4xe5 Bc6d5
42.Ke3 Kd6
43.Kd4 c6
44.c4 bxc4
45.Ne5xc4 Bd5xc4
46.Kxc4 a6
47.Kd4 c5
48.bxc5 Kc6
49.Kc4 a5
50.a4 Kb7
51.Kb5 Kc7
52.c6 Kc8
53.Kxa5 Kc7
54.Kb5 Kc8
55.a5 Kb8
56.Kb6 Kc8
57.c7 Kd7
58.Kb7 { resign }
1-0

[Event "1/64 Finale"]
[Site "www.chess-mail.com"]
[Date "2017.09.20"]
[Round "1"]
[White "Llord"]
[Black "Obisporey"]
[WhiteElo "1930"]
[BlackElo "2600"]
[Result "0-1"]
[Round "1"]
1.e4 c5
2.Bf1c4 e6
3.Ng1f3 a6
4.a4 d5
5.exd5 exd5
6.Bc4e2 d4
7.d3 Nb8c6
8.O-O Ng8f6
9.Rf1e1 Bf8d6
10.Bc1g5 O-O
11.c3 h6
12.Bg5h4 Rf8e8
13.Nb1d2 g5
14.Bh4g3 g4
15.Nf3h4 Bd6f8
16.cxd4 Nc6xd4
17.f3 Nf6d5
18.Nd2e4 Nd5e3
19.Qd1d2 Ne3c2
20.Ra1c1 Nc2xe1
21.Rc1xe1 Re8e6
22.fxg4 Bf8e7
23.Nh4f5 Nd4xf5
24.gxf5 Re6xe4
25.Qd2xh6 Be7g5
26.Qh6h5 Re4e8
27.Re1f1 Bg5e3
28.Kh1 Qd8g5
29.Qh5xg5 Be3xg5
30.Be2h5 Bc8d7
31.f6 Bd7xa4
32.Rf1f5 Bg5e3
33.h3 Ba4d7
34.Rf5f3 Bd7c6
35.Rf3f5 Ra8d8
{ resign }
0-1

[Event "1/128 Finale"]
[Site "www.chess-mail.com"]
[Date "2017.09.20"]
[Round "1"]
[White "Begory"]
[Black "Theo64"]
[WhiteElo "999"]
[BlackElo "1729"]
[Result "0-1"]
[Round "1"]
1.d4 Ng8f6
2.Bc1f4 c5
3.Nb1c3 Qd8b6
4.Ra1b1 cxd4
5.Nc3a4 Qb6a5
6.c3 b5
7.Na4c5 dxc3
8.bxc3 Qa5xc3
9.Qd1d2 Qc3xc5
10.Rb1c1 e5
11.Rc1xc5 Bf8xc5
12.Bf4xe5 Bc5xf2
13.Kxf2 Nf6e4
14.Ke1 Ne4xd2
15.Kxd2 Nb8c6
16.Be5d6 Bc8a6
17.e3 f5
18.a4 Nc6d8
19.Bf1xb5 Ba6xb5
20.Ng1f3 Nd8f7
21.axb5 Nf7xd6
{ resign }
0-1

[Event "Tourn. n9455"]
[Site "www.chess-mail.com"]
[Date "2017.09.21"]
[Round "1"]
[White "Fabos12"]
[Black "Falcoale"]
[WhiteElo "1940"]
[BlackElo "2070"]
[Result "1-0"]
[Round "1"]
1.d4 Ng8f6
2.c4 b6
3.Nb1c3 e6
4.Bc1g5 h6
5.Bg5h4 Bc8b7
6.Ng1f3 d6
7.Qd1c2 Bf8e7
8.O-O-O Nb8c6
9.Bh4xf6 Be7xf6
10.e3 O-O
11.a3 a6
12.Bf1d3 Nc6e7
13.e4 Qd8b8
14.d5 e5
15.h4 Ne7g6
16.g3 c6
17.h5 Ng6e7
18.Rd1f1 c5
19.Nf3h2 Bf6g5
20.f4 exf4
21.gxf4 Bg5f6
22.Nh2g4 Bb7c8
23.Ng4xf6 gxf6
24.Rf1g1 Kh8
25.Rg1g2 Bc8d7
26.Rh1g1 Qb8c8
27.Rg2g7 Ne7g6
28.Rg7xg6 Bd7g4
29.Rg6xg4 Qc8d7
30.Rg4g7 Rf8g8
31.Qc2g2 Qd7e8
32.e5 { resign }
1-0

[Event "Tourn. n9406"]
[Site "www.chess-mail.com"]
[Date "2017.09.21"]
[Round "1"]
[White "Falcoale"]
[Black "Andychesston"]
[WhiteElo "2020"]
[BlackElo "1990"]
[Result "1-0"]
[Round "1"]
1.e4 e5
2.Ng1f3 Nb8c6
3.b3 d6
4.Bc1b2 Bc8g4
5.h3 Bg4h5
6.g4 Bh5g6
7.d3 Bf8e7
8.Nb1c3 Nc6d4
9.Nf3xd4 exd4
10.Nc3d5 c5
11.Nd5xe7 Qd8xe7
12.Bf1g2 h5
13.Qd1f3 hxg4
14.Qf3xg4 Ng8f6
15.Qg4e2 Nf6h5
16.O-O-O Nh5f4
17.Qe2f1 Qe7g5
18.Kb1 Qg5xg2
19.Qf1xg2 Nf4xg2
20.f4 Ng2xf4
21.c3 Rh8xh3
22.Rh1xh3 Nf4xh3
23.Rd1h1 O-O-O
24.Rh1xh3 dxc3
25.Bb2xc3 f6
26.Rh3g3 Bg6h5
27.Rg3xg7 Rd8f8
28.Rg7h7 Bh5g4
29.Rh7h6 f5
30.exf5 Bg4xf5
31.Rh6xd6 Rf8e8
32.Rd6d5 Bf5g6
33.Rd5xc5 Kd7
34.Kb2 Re8e2
35.Ka3 b6
36.Rc5g5 Bg6xd3
37.Rg5d5 Kc6
38.Rd5xd3 Re2c2
39.Bc3e5 b5
40.Rd3c3 Rc2xc3
41.Be5xc3 Kb6
42.Kb2 a5
43.Bc3f6 b4
44.Kc2 Kb5
45.Kd3 a4
46.Kd4 Ka5
47.Kc4 axb3
48.axb3 Ka6
49.Kxb4 Kb6
50.Ka4 Ka6
51.Bf6d8 Kb7
52.Ka5 Ka7
53.Kb5 Kb7
54.b4 Kc8
55.Kb6 Kxd8
56.Kb7 Kd7
57.b5 Kd6
58.Ka7 Kc7
59.b6 Kc8
60.b7 Kc7
61.b8Q Kc6
62.Ka6 Kc5
63.Qb8b1 { resign }
1-0

[Event "Tourn. n9476"]
[Site "www.chess-mail.com"]
[Date "2017.09.21"]
[Round "1"]
[White "Osopanda"]
[Black "Stewartborst"]
[WhiteElo "1660"]
[BlackElo "1710"]
[Result "0-1"]
[Round "1"]
1.Ng1f3 d5
2.c4 d4
3.d3 Nb8c6
4.g3 e5
5.Bf1g2 Bf8c5
6.O-O Ng8f6
7.Bc1g5 h6
8.Bg5d2 Bc8e6
9.e3 Qd8d7
10.exd4 Bc5xd4
11.Nf3xd4 Qd7xd4
12.Bd2c3 Qd4b6
13.Nb1d2 O-O-O
14.Qd1c2 g5
15.b4 Nc6xb4
16.Bc3xb4 Qb6xb4
17.Ra1b1 { time. }
0-1

[Event "Tourn. n9517"]
[Site "www.chess-mail.com"]
[Date "2017.09.21"]
[Round "1"]
[White "Falcoale"]
[Black "Bojan"]
[WhiteElo "1990"]
[BlackElo "1980"]
[Result "1-0"]
[Round "1"]
1.e4 e5
2.Ng1f3 Nb8c6
3.Bf1c4 Bf8e7
4.O-O Be7f6
5.a3 Ng8e7
6.b4 a6
7.Bc1b2 d6
8.d4 Bc8g4
9.h3 Bg4h5
10.Bc4e2 exd4
11.Qd1d3 Nc6e5
12.Nf3xe5 Bh5xe2
13.Qd3xe2 Bf6xe5
14.f4 d3
15.cxd3 Be5xb2
16.Qe2xb2 f6
17.Qb2b3 Ne7c6
18.e5 Qd8e7
19.Nb1c3 dxe5
20.fxe5 Nc6xe5
21.Rf1e1 O-O-O
22.Ra1d1 Qe7d6
23.Nc3e4 Qd6b6
24.Kh1 Rd8d4
25.Ne4c5 Rh8d8
26.Qb3e6 Kb8
27.Qe6xb6 cxb6
28.Nc5e6 Ne5xd3
29.Ne6xd4 Rd8xd4
30.Kg1 Rd4d7
31.Re1e3 Nd3e5
32.Rd1xd7 Ne5xd7
33.Re3e7 Kc7
34.Re7xg7 Kc6
35.Rg7xh7 Nd7e5
36.h4 { resign }
1-0

[Event "Tourn. n9516"]
[Site "www.chess-mail.com"]
[Date "2017.09.21"]
[Round "1"]
[White "Dussek"]
[Black "Passaroa25"]
[WhiteElo "1880"]
[BlackElo "1700"]
[Result "1-0"]
[Round "1"]
1.e4 c6
2.d4 d6
3.Ng1f3 f6
4.Bf1e2 Bc8e6
5.Nb1c3 Be6f7
6.O-O e6
7.Bc1e3 Nb8d7
8.b4 b5
9.a4 Nd7b6
10.axb5 Qd8c7
11.bxc6 O-O-O
12.Nc3b5 Qc7e7
13.Ra1xa7 Qe7e8
14.d5 exd5
15.Ra7c7 Kb8
16.Be3xb6 Ng8e7
17.Rc7b7 { resign }
1-0

[Event "Tourn. n9516"]
[Site "www.chess-mail.com"]
[Date "2017.09.21"]
[Round "1"]
[White "Prize64"]
[Black "Dussek"]
[WhiteElo "1740"]
[BlackElo "1880"]
[Result "1-0"]
[Round "1"]
1.e4 e6
2.f4 c5
3.c3 Nb8c6
4.Ng1f3 Ng8f6
5.e5 Nf6d5
6.d4 b6
7.Bf1d3 Bf8e7
8.O-O O-O
9.Kh1 Ra8b8
10.Nb1a3 a6
11.Na3c2 b5
12.f5 exf5
13.Bd3xf5 c4
14.Nc2e3 Nd5f4
15.d5 Nc6a7
16.d6 Be7g5
17.Ne3d5 Nf4xd5
18.Bc1xg5 f6
19.Qd1xd5 Kh8
20.exf6 gxf6
21.Bg5h4 Bc8b7
22.Qd5d2 Qd8e8
23.Qd2d4 Na7c6
24.Bh4xf6 Kg8
25.Qd4g4 { resign }
1-0

[Event "Tourn. n9508"]
[Site "www.chess-mail.com"]
[Date "2017.09.21"]
[Round "1"]
[White "Libiesse"]
[Black "Jjmcbride"]
[WhiteElo "1780"]
[BlackElo "1730"]
[Result "1-0"]
[Round "1"]
1.d4 e6
2.c4 c5
3.d5 d6
4.Nb1c3 g6
5.e4 Bf8g7
6.Ng1f3 a6
7.Bc1e3 e5
8.Bf1d3 Bg7h6
9.Qd1d2 Bh6xe3
10.fxe3  { time }
1-0

[Event "Tourn. n9486"]
[Site "www.chess-mail.com"]
[Date "2017.09.21"]
[Round "1"]
[White "Bojan"]
[Black "Andychesston"]
[WhiteElo "2040"]
[BlackElo "2080"]
[Result "1-0"]
[Round "1"]
1.e4 e5
2.Ng1f3 Nb8c6
3.d4 exd4
4.Nf3xd4 Nc6xd4
5.Qd1xd4 c6
6.a3 c5
7.Qd4d1 d6
8.Bf1c4 Ng8f6
9.Nb1c3 a6
10.f3 Bf8e7
11.Nc3d5 Bc8e6
12.Qd1e2 b5
13.Nd5xf6 Be7xf6
14.Bc4xe6 fxe6
15.c3 O-O
16.Bc1e3 Ra8c8
17.O-O Rc8c7
18.Ra1d1 Rc7f7
19.Qe2f2 Qd8c7
20.Qf2g3 e5
21.Rd1d5 Qc7e7
22.Rf1d1 Bf6h4
23.Qg3g4 Rf8d8
24.Be3xc5 Rf7f4
25.Qg4h3 dxc5
26.Rd5xd8 Qe7xd8
27.Rd1xd8 Bh4xd8
28.Qh3c8 Rf4f8
29.Qc8xa6 Bd8c7
30.Qa6e6 Kh8
31.Qe6e7 Rf8c8
32.Qe7d7 Rc8d8
33.Qd7xc7 Rd8d1
34.Kf2 h6
35.Ke2 Rd1b1
36.b4 Rb1b2
37.Kf1 Rb2b1
38.Kf2 Rb1b2
39.Kg3 c4
40.Qc7b8 Kh7
41.Qb8xb5 Rb2b3
42.Qb5xe5 Rb3xa3
43.Qe5d4 h5
44.Qd4xc4 { resign }
1-0

[Event "Tourn. n9479"]
[Site "www.chess-mail.com"]
[Date "2017.09.21"]
[Round "1"]
[White "Osopanda"]
[Black "Jjmcbride"]
[WhiteElo "1680"]
[BlackElo "1680"]
[Result "1-0"]
[Round "1"]
1.Ng1f3 d5
2.d4 Nb8d7
3.Bc1f4 c5
4.c3 c4
5.Nb1d2 f6
6.e4 g5
7.Bf4e3 Bf8g7
8.Bf1e2 h6
9.O-O e5
10.dxe5 fxe5
11.Rf1e1 g4
12.Nf3xe5 Nd7xe5
13.exd5 Qd8xd5
14.Be3d4 Ng8f6
15.Be2xc4  { time }
1-0

[Event "Tourn. n9478"]
[Site "www.chess-mail.com"]
[Date "2017.09.21"]
[Round "1"]
[White "Lucaschess"]
[Black "Bojan"]
[WhiteElo "2110"]
[BlackElo "2020"]
[Result "0-1"]
[Round "1"]
1.e4 e5
2.Ng1f3 Nb8c6
3.Bf1c4 h6
4.O-O Bf8c5
5.b4 Bc5b6
6.a4 Nc6xb4
7.Nf3xe5 d5
8.exd5 Nb4xd5
9.Ne5xf7 Kxf7
10.Qd1f3 Ng8f6
11.Nb1c3 Bc8g4
12.Bc4xd5 Kf8
13.Qf3d3 c6
14.Bc1a3 c5
15.Nc3e4 { time. }
0-1

[Event "Tourn. n9489"]
[Site "www.chess-mail.com"]
[Date "2017.09.21"]
[Round "1"]
[White "Fabos12"]
[Black "Luban"]
[WhiteElo "2010"]
[BlackElo "2110"]
[Result "1-0"]
[Round "1"]
1.c4 e6
2.Ng1f3 d5
3.cxd5 exd5
4.d4 h6
5.Bc1f4 c6
6.Nb1c3 Ng8f6
7.e3 Bc8g4
8.Bf1d3 Bf8d6
9.Bf4xd6 Qd8xd6
10.h3 Bg4xf3
11.Qd1xf3 O-O
12.O-O-O Nb8d7
13.Bd3f5 Nd7b6
14.b3 Rf8e8
15.Rh1g1 a6
16.g4 c5
17.g5 cxd4
18.exd4 hxg5
19.Rg1xg5 Nf6e4
20.Nc3xe4 dxe4
21.Bf5xe4 Qd6a3
22.Kb1 Ra8c8
23.Rd1g1 { resign }
1-0

[Event "Tourn. n9512"]
[Site "www.chess-mail.com"]
[Date "2017.09.21"]
[Round "1"]
[White "Xkafi"]
[Black "Fantomas"]
[WhiteElo "2030"]
[BlackElo "2180"]
[Result "0-1"]
[Round "1"]
1.e4 c5
2.Bf1c4 d6
3.Qd1f3 Ng8f6
4.d3 h6
5.Nb1c3 e6
6.Nc3b5 a6
7.Nb5c3 Nb8c6
8.Ng1e2 Nc6e5
9.Qf3g3 Ne5xc4
10.dxc4 Bc8d7
11.e5 dxe5
12.Qg3xe5 Bd7c6
13.O-O Bf8d6
14.Qe5e3 Qd8c7
15.Ne2g3 O-O-O
16.h3 Nf6d7
17.a3 Nd7e5
18.b3 Ne5g6
19.Ng3e4 Bd6h2
20.Kh1 Bh2f4
21.Qe3xc5 Bf4xc1
22.Ra1xc1 f5
23.Ne4g3 Bc6xg2
24.Kxg2 Qc7xc5
25.Nc3a4 Ng6h4
26.Kg1 Qc5c6
{ resign }
0-1

[Event "Tourn. n9501"]
[Site "www.chess-mail.com"]
[Date "2017.09.21"]
[Round "1"]
[White "Orhany24"]
[Black "Fantomas"]
[WhiteElo "2090"]
[BlackElo "2080"]
[Result "1/2-1/2"]
[Round "1"]
1.e4 e5
2.Ng1f3 Nb8c6
3.Bf1c4 h6
4.O-O Ng8f6
5.c3 Bf8e7
6.d4 exd4
7.cxd4 d5
8.exd5 Nf6xd5
9.h3 O-O
10.Nb1c3 Nd5b6
11.Bc4b3 Bc8f5
12.Bc1e3 Nc6a5
13.Bb3c2 Bf5xc2
14.Qd1xc2 Na5c4
15.Ra1d1 Nc4xe3
16.fxe3 c6
17.e4 Ra8c8
18.a3 Qd8e8
19.Qc2b3 Rc8b8
20.Kh1 Qe8c8
21.d5 cxd5
22.Nc3xd5 Nb6xd5
23.exd5 Be7d6
24.Rd1c1 Qc8d7
25.Rf1e1 Rf8e8
26.Re1xe8 Rb8xe8
27.Nf3d4 a6
28.Qb3b6 Re8e4
{ draw }
1/2-1/2

[Event "Tourn. n9452"]
[Site "www.chess-mail.com"]
[Date "2017.09.21"]
[Round "1"]
[White "Osopanda"]
[Black "Fantomas"]
[WhiteElo "1620"]
[BlackElo "1820"]
[Result "0-1"]
[Round "1"]
1.e4 c6
2.Ng1f3 e6
3.d4 d5
4.e5 Ng8e7
5.Bf1d3 b6
6.c4 dxc4
7.Bd3xc4 Ne7d5
8.Nb1c3 Bf8b4
9.O-O Nd5xc3
10.bxc3 Bb4xc3
11.Ra1b1 h6
12.Bc1a3 b5
13.Bc4d3 a5
14.Ba3d6 a4
15.Qd1c2 Qd8a5
16.a3 Bc8b7
17.Bd6b4 Bc3xb4
18.Rb1xb4 Nb8a6
19.Rb4b1 O-O
20.Qc2e2 Ra8c8
21.Nf3d2 Qa5c3
22.Rf1c1 Qc3xa3
23.Nd2e4 Na6b4
24.Ne4d6 Qa3xd3
25.Qe2xd3 Nb4xd3
26.Rc1c2 Rc8b8
27.Kf1 Bb7a8
28.Ke2 Nd3f4
29.Kf1 Nf4g6
30.g3 Ng6e7
31.f4 Ne7c8
32.Nd6e4 Rf8d8
33.Rb1d1 Nc8b6
34.Ne4d6 Nb6d5
35.Kf2 Rd8d7
36.Kf3 a3
37.Rd1a1 b4
38.f5 b3
39.Rc2c3 { time. }
0-1

[Event "Tourn. n9484"]
[Site "www.chess-mail.com"]
[Date "2017.09.21"]
[Round "1"]
[White "Jjmcbride"]
[Black "Cristiano"]
[WhiteElo "1680"]
[BlackElo "1570"]
[Result "0-1"]
[Round "1"]
1.d4 Ng8f6
2.d5 d6
3.c4 g6
4.Nb1c3 Bf8g7
5.e4 O-O
6.Ng1f3 Nb8d7
7.b4 e5
8.c5 Nf6e8
9.c6 Nd7b8
10.Bf1c4 b6
11.h3 f5
12.exf5 Bc8xf5
13.Bc4d3 e4
14.Bc1b2 exd3
15.Qd1d2 Qd8e7
16.Qd2e3 Qe7xe3
17.fxe3 Nb8a6
18.a3 Ne8f6
19.O-O-O Rf8e8
20.g4 Bf5e4
21.Rh1f1 h6
22.Nc3xe4 Re8xe4
23.Rd1xd3 Ra8f8
 { time }
0-1

[Event "Tourn. n9519"]
[Site "www.chess-mail.com"]
[Date "2017.09.21"]
[Round "1"]
[White "Coolant"]
[Black "Fantomas"]
[WhiteElo "2310"]
[BlackElo "2230"]
[Result "1-0"]
[Round "1"]
1.Nb1c3 e5
2.Ng1f3 Nb8c6
3.e4 a6
4.d4 exd4
5.Nf3xd4 Ng8e7
6.Bf1c4 Nc6xd4
7.Qd1xd4 Ne7c6
8.Qd4d5 Qd8f6
9.Bc1g5 Qf6e6
10.O-O-O Bf8e7
11.h4 h6
12.Bg5xe7 Qe6xe7
13.Qd5d2 O-O
14.f3 b5
15.Nc3d5 Qe7d8
16.Bc4b3 Nc6e7
17.g4 d6
18.g5 Ne7xd5
19.Bb3xd5 Ra8b8
20.gxh6 g6
21.h5 Kh7
22.Rd1g1 Qd8f6
23.Bd5xf7 { resign }
1-0

[Event "Tourn. n9516"]
[Site "www.chess-mail.com"]
[Date "2017.09.21"]
[Round "1"]
[White "Dussek"]
[Black "Osopanda"]
[WhiteElo "1880"]
[BlackElo "1720"]
[Result "0-1"]
[Round "1"]
1.d4 d6
2.e4 Ng8f6
3.Nb1c3 Nb8d7
4.Ng1f3 e5
5.d5 g6
6.Bf1d3 Bf8g7
7.O-O O-O
8.Rf1e1 h6
{ resign }
0-1

[Event "Tourn. n9517"]
[Site "www.chess-mail.com"]
[Date "2017.09.21"]
[Round "1"]
[White "Attatroll"]
[Black "Malbertan"]
[WhiteElo "1970"]
[BlackElo "1920"]
[Result "1-0"]
[Round "1"]
1.e4 e5
2.f4 d5
3.exd5 e4
4.Qd1e2 Ng8f6
5.Nb1c3 Bc8f5
6.Qe2b5 Nb8d7
7.Qb5xb7 Bf8d6
8.Nc3b5 Ra8b8
9.Qb7c6 Rb8b6
10.Nb5xd6 cxd6
11.Qc6c3 O-O
12.Ng1e2 Nf6xd5
13.Qc3d4 Nd5xf4
14.Ne2xf4 Nd7e5
15.Bf1e2 Rf8e8
16.Nf4d5 Rb6c6
17.O-O a5
18.Be2b5 { resign }
1-0

[Event "Tourn. n9475"]
[Site "www.chess-mail.com"]
[Date "2017.09.21"]
[Round "1"]
[White "Passaroa25"]
[Black "Julian"]
[WhiteElo "1670"]
[BlackElo "1590"]
[Result "1-0"]
[Round "1"]
1.e4 d6
2.c3 e5
3.Ng1e2 Ng8f6
4.Ne2g3 Bc8g4
5.Bf1b5 c6
6.f3 Bg4e6
7.Bb5e2 Nb8d7
8.d3 Bf8e7
9.Nb1d2 O-O
10.Nd2b3 Qd8c7
11.Bc1d2 Ra8d8
12.O-O d5
13.Bd2e3 Rf8e8
14.Be3xa7 b5
15.Ng3f5 Be6xf5
16.exf5 Qc7xa7
17.Kh1 e4
18.Nb3d4 Qa7b6
{ time. }
1-0

[Event "Tourn. n9431"]
[Site "www.chess-mail.com"]
[Date "2017.09.21"]
[Round "1"]
[White "Dussek"]
[Black "Azulmarino"]
[WhiteElo "1499"]
[BlackElo "1540"]
[Result "0-1"]
[Round "1"]
1.e4 e5
2.d4 d6
3.Ng1f3 exd4
4.Nf3xd4 Ng8f6
5.Nb1c3 c6
6.Bc1g5 Bf8e7
7.Bf1c4 Bc8g4
8.f3 Bg4d7
9.Qd1d2 a5
10.Nc3a4 b5
11.Bc4xf7 Kxf7
12.Na4c3 h6
13.Bg5e3 c5
14.Nd4f5 Bd7xf5
15.exf5 Rh8f8
16.Nc3xb5 Kg8
17.Nb5c3 Nb8c6
18.O-O Kh7
19.Nc3d5 Nf6xd5
20.Qd2xd5 Nc6b4
21.Qd5e4 Be7f6
22.c3 Nb4d5
23.Qe4xd5 Ra8b8
24.Ra1b1 Bf6e5
25.f4 Be5f6
26.Rf1d1 Qd8e7
27.Rd1e1 h5
28.Be3xc5 Qe7f7
29.Qd5xf7 Rf8xf7
30.Bc5xd6 Rb8d8
31.Bd6c7 Rf7xc7
32.Rb1d1 Rd8xd1
33.Re1xd1 Rc7e7
34.Kf2 Re7b7
35.Rd1d2 Bf6e7
36.b3 Rb7b5
37.Rd2d7 Be7f6
38.c4 Rb5xf5
39.g3 Bf6c3
40.Rd7d5 Rf5f6
41.Rd5xh5 Kg6
42.Kf3 Kxh5
43.h3 Rf6d6
44.c5 Rd6d3
45.Kg2 Bc3e1
46.g4 Kh4
47.c6 Rd3c3
48.f5 Rc3xc6
49.Kf1 Be1b4
50.Kg2 Rc6c3
51.Kh2 Bb4d6
52.Kg2 Rc3g3
53.Kf2 Kxh3
54.Ke2 Rg3c3
55.Kd2 Kxg4
56.Kxc3 Kxf5
57.Kc4 g5
58.Kb5 g4
59.Kxa5 g3
{ resign }
0-1

[Event "Tourn. n9483"]
[Site "www.chess-mail.com"]
[Date "2017.09.21"]
[Round "1"]
[White "Andychesston"]
[Black "Jazzy"]
[WhiteElo "2080"]
[BlackElo "2220"]
[Result "0-1"]
[Round "1"]
1.e4 e5
2.Ng1f3 Ng8f6
3.Nb1c3 Nb8c6
4.d4 Bf8b4
5.Bc1g5 exd4
6.Nf3xd4 O-O
7.f3 Rf8e8
8.Nd4xc6 bxc6
9.Qd1d3 d5
10.O-O-O Bb4xc3
11.Qd3xc3 Nf6xe4
12.fxe4 Qd8xg5
13.Kb1 Bc8g4
14.Rd1c1 dxe4
15.Qc3xc6 Qg5e5
16.Bf1c4 Ra8b8
17.Bc4b3 e3
18.h3 Bg4e6
19.Rh1e1 e2
20.c4 Be6f5
21.Ka1 Qe5f4
22.g4 Qf4xc1
23.Re1xc1 e1Q
24.Rc1d1 Qe1e4
25.Qc6xc7 Bf5e6
26.Qc7d6 Be6xc4
27.Bb3a4 Re8c8
28.b3 Bc4e6
29.Ba4c6 Qe4xc6
30.Qd6f4 Qc6c3
31.Kb1 Qc3c2
32.Ka1 Qc2xd1
33.Kb2 Qd1c2
34.Ka3 Rb8xb3
{ resign }
0-1

[Event "Match"]
[Site "www.echecsemail.com"]
[Date "2017.09.21"]
[Round "1"]
[White "Apdash"]
[Black "Guidom"]
[WhiteElo "1920"]
[BlackElo "2130"]
[Result "0-1"]
[Round "1"]
1.e4 e5
2.Ng1f3 Nb8c6
3.d4 exd4
4.Nf3xd4 Nc6xd4
5.Qd1xd4 Qd8f6
6.e5 Qf6b6
7.Qd4xb6 axb6
8.Bc1e3 d6
9.exd6 Bf8xd6
10.Bf1c4 Bc8d7
11.O-O Ng8e7
12.Nb1d2 O-O
13.Nd2e4 Bd6e5
14.c3 g6
15.Be3g5 Ne7c6
16.Bg5f6 Bd7f5
17.Bf6xe5 Nc6xe5
18.Ne4d2 Ne5xc4
19.Nd2xc4 Bf5d3
20.Nc4e3 Bd3xf1
21.Kxf1 Rf8d8
22.Ke2 f6
23.c4 Rd8d6
24.Ne3d5 Ra8e8
25.Kf3 c6
26.Nd5e3 Rd6d2
27.b3 f5
28.g3 Rd2b2
29.h4 Re8a8
30.g4 f4
31.Ne3g2 Ra8xa2
32.Ra1xa2 Rb2xa2
33.Ng2xf4 Ra2b2
34.Nf4e6 Rb2xb3
35.Ke4 Rb3c3
36.Kd4 Rc3f3
37.Ne6d8 Rf3xf2
38.Nd8xb7 Rf2f4
39.Kd3 Rf4xg4
40.Nb7d8 c5
{ resign }
0-1

[Event "Match"]
[Site "www.echecsemail.com"]
[Date "2017.09.21"]
[Round "1"]
[White "Michel93"]
[Black "Theo64"]
[WhiteElo "1809"]
[BlackElo "1729"]
[Result "1-0"]
[Round "1"]
1.d4 Ng8f6
2.Ng1f3 c5
3.c4 e6
4.Nb1c3 d5
5.cxd5 exd5
6.g3 Nb8c6
7.Bf1g2 Bf8d6
8.O-O O-O
9.Bc1g5 Bc8g4
10.dxc5 Bd6xc5
11.Bg5xf6 Qd8xf6
12.Nc3xd5 Qf6d6
13.e4 Ra8d8
14.Ra1c1 { resign }
1-0

[Event "Match"]
[Site "www.echecsemail.com"]
[Date "2017.09.21"]
[Round "1"]
[White "Xkafi"]
[Black "Stevep84"]
[WhiteElo "2050"]
[BlackElo "2100"]
[Result "0-1"]
[Round "1"]
1.e4 c6
2.Bf1c4 d5
3.exd5 cxd5
4.Bc4b3 Bc8f5
5.d3 e6
6.Ng1f3 Nb8c6
7.a3 Bf8d6
8.Nb1c3 Ng8f6
9.Bc1g5 h6
10.Bg5h4 O-O
11.O-O a6
12.h3 Bd6e7
13.Bh4g3 Nf6h5
14.Bg3h2 Be7d6
15.Bh2xd6 Qd8xd6
16.g4 Nh5g3
17.gxf5 Ng3xf1
18.Kxf1 Qd6f4
19.Kg2 Qf4xf5
20.Nc3e2 Ra8d8
21.Ne2g3 Qf5f6
22.c3 e5
23.Qd1c2 Qf6d6
24.Nf3h4 Nc6e7
25.Qc2e2 f5
26.Qe2h5 g5
27.Nh4f3 Ne7g6
28.Ng3e2 e4
29.dxe4 fxe4
30.Nf3d4 Rd8d7
31.Ne2g3 Ng6f4
{ resign }
0-1